000
00344pab a2200145 454500
008
180718b1988 xxu||||| |||| 00| 0 eng d
100
_a
Shah, P.N
245
_a
Direct tax laws - need for further amendments
260
_c
1988
300
_a
336-40
362
_a
Oct.
650
_a
Taxation
773
_a
Chartered Accountant
909
_a
18995
999
_c
18995
_d
18995